Meilleurs sons de Jul - Statistiques

Statistiques générales
  • Ce quiz a été pris 6 026 fois
    2 767 depuis la dernière actualisation
  • Le résultat moyen est 5 sur 15
Statistiques - réponses
Rang Titres Streams % Correct
11 Tchikita 107,6M
69%
8 J'oublie tout 114,1M
67%
1 Bande organisée (ft. SCH, Kofs, Soso Maness, Elams, Naps, Solda, Houari) 278,0M
58%
14 Ma jolie 85,0M
51%
6 Avant la douane 115,5M
45%
10 JCVD 107,6M
42%
3 La bandite 164,3M
38%
9 Toto et Ninetta 110,9M
37%
2 Moulaga (ft. Heuss L'enfoiré) 2427,7M
14%
13 J'ai tout su 97,1M
13%
15 Pic et pic, alcool et drame 72,5M
10%
5 La street (ft. Morad) 124,9M
9%
4 Se Grita (ft. Morad) 158,1M
9%
7 Dybala (ft. Maes) 115,3M
8%
12 La Seleçao (ft. Alonzo, Naps) 101,5M
6%
Aucun quiz correspondant
Distribution des résultats
% des personnes avec chaque résultat
Percentile par nombre de réponses
Votre historique - résultats
Vous n’avez pas pris ce quiz depuis la dernière actualisation